000 00225 a2200097 4500
001 49423
100 _aMarriott
245 _aShort Stories of To-Day
260 _aLondon
_bGeorge G Harrap & Company
_c
090 _c31959
_d31959
942 _aNUST-CAE
_cM
_c24401
999 _c284496
_d284496